| 000 | 00524nam a2200181Ia 4500 | ||
|---|---|---|---|
| 005 | 20250923144324.0 | ||
| 008 | 008 250917s9999 xx 000 0 eng d | ||
| 037 | _aTextual | ||
| 040 |
_aDSWL _beng _cDSWL |
||
| 041 |
_aeng _2eng |
||
| 084 |
_aYX;1-m7, N48;1 _qDSWL |
||
| 245 | 4 |
_aThe evidence for voluntary action _cEd.by Lord Beveridge |
|
| 260 |
_aLondon _bAllen and Unwin _c1949 |
||
| 300 | _a343 p. | ||
| 700 |
_aA.F. Wells _9823649 |
||
| 942 |
_cTEXL _hYX;1-m7, N48;1 |
||
| 999 |
_c1437423 _d1437423 |
||